| 000 | 00423pab a2200169 454500 | ||
|---|---|---|---|
| 008 | 180718b2012 xxu||||| |||| 00| 0 eng d | ||
| 100 | _aBradley, Curits A. | ||
| 245 | _aHistorical gloss and the separation of powers | ||
| 260 | _c2012 | ||
| 300 | _ap.412-485. | ||
| 362 | _aDec | ||
| 650 | _aSeperation of powers | ||
| 700 | _aMorrison, Trevor W. | ||
| 773 | _aHarvard Law Review | ||
| 908 | _aN | ||
| 909 | _a101567 | ||
| 999 |
_c101565 _d101565 |
||